[Event "Titled Tuesday intern op 09th Jan Early"]
[Site "Chess.com INT"]
[Date "2024.01.09"]
[Round "7"]
[White "Petersson, Kjell"]
[Black "Van Kooten, Luuk"]
[Result "1-0"]
[WhiteElo "2049"]
[BlackElo "2213"]
[PlyCount "59"]
[EventDate "2024.01.09"]
[EventType "swiss (blitz)"]
[EventRounds "11"]
[EventCountry "USA"]
[SourceTitle "CB03_2024"]
[SourceDate "2024.01.17"]
[SourceVersion "1"]
[SourceVersionDate "2024.01.17"]
[SourceQuality "1"]

1. d4 Nf6 2. Bf4 g6 3. Nc3 Bg7 4. e4 d6 5. Qd2 0-0 6. 0-0-0 c6 7. f3 b5 8. Bh6 Nbd7 9. h4 e5 10. Nge2 Qe7 11. g4 b4 12. Nb1 a5 13. h5 Bxh6 14. Qxh6 Ba6 15. hxg6 fxg6 16. Qe3 c5 17. d5 c4 18. Rh2 Nc5 19. Ng3 Rac8 20. g5 Nfd7 21. Bh3 Nd3+ 22. Kd2 Nxb2 23. Rdh1 c3+ 24. Kc1 Nc4 25. Be6+ Kh8 26. Rxh7+ Qxh7 27. Rxh7+ Kxh7 28. Qf2 Rc7 29. Qh2+ Kg7 30. Qh6# 1-0

[Event "Hoogeveen op 26th"]
[Site "Hoogeveen"]
[Date "2023.10.26"]
[Round "7"]
[White "Van Kooten, Luuk"]
[Black "De Winter, Arthur"]
[Result "0-1"]
[WhiteElo "2255"]
[BlackElo "2397"]
[PlyCount "50"]
[EventDate "2023.10.21"]
[EventType "swiss"]
[EventRounds "9"]
[EventCountry "NED"]
[SourceTitle "Mega2024 Update 01"]
[Source "Chessbase"]
[SourceDate "2023.11.12"]
[SourceVersion "1"]
[SourceVersionDate "2023.11.12"]
[SourceQuality "1"]

1. d4 Nf6 2. c4 g6 3. Nc3 Bg7 4. e4 d6 5. Bd3 0-0 6. Nge2 Nc6 7. 0-0 e5 8. d5 Nd4 9. Nxd4 exd4 10. Ne2 Re8 11. Ng3 Nd7 12. f4 a5 13. b3 Nc5 14. f5 Be5 15. Bf4 Bxf4 16. Rxf4 Qg5 17. Rf3 gxf5 18. Nxf5 Kh8 19. Bc2 d3 20. Bxd3 Bxf5 21. exf5 f6 22. Bc2 Nd7 23. Qd4 Re2 24. Rg3 Qd2 25. Qg4 Re1+ 0-1

[Event "Titled Tuesday intern op 28th Sept"]
[Site "Chess.com INT"]
[Date "2021.09.28"]
[Round "10"]
[White "Van Kooten, Luuk"]
[Black "Duneas, John"]
[Result "1-0"]
[WhiteElo "2277"]
[BlackElo "2071"]
[PlyCount "51"]
[EventDate "2021.09.28"]
[EventType "swiss (blitz)"]
[EventRounds "11"]
[EventCountry "USA"]
[SourceTitle "CBM 204 Extra"]
[Source "ChessBase"]
[SourceDate "2021.11.30"]
[SourceVersion "1"]
[SourceVersionDate "2021.11.30"]
[SourceQuality "1"]

1. d4 e6 2. e4 d5 3. e5 c5 4. c3 Nc6 5. Nf3 Bd7 6. a3 f6 7. Bd3 fxe5 8. Nxe5 Nf6 9. 0-0 Bd6 10. Bf4 Qc7 11. Nxd7 Qxd7 12. Bxd6 Qxd6 13. dxc5 Qxc5 14. b4 Qd6 15. c4 0-0 16. Nc3 Rad8 17. cxd5 exd5 18. Rc1 Ne5 19. Nb5 Qb8 20. Bf5 a6 21. Nd4 Rfe8 22. Qb3 Qd6 23. Rfd1 g6 24. Bh3 Kg7 25. Qg3 Nc4 26. Nf5+ 1-0

[Event "Titled Tuesday intern op 28th Sept"]
[Site "Chess.com INT"]
[Date "2021.09.28"]
[Round "7"]
[White "Van Kooten, Luuk"]
[Black "Girinath, PDS"]
[Result "0-1"]
[WhiteElo "2277"]
[BlackElo "2335"]
[PlyCount "48"]
[EventDate "2021.09.28"]
[EventType "swiss (blitz)"]
[EventRounds "11"]
[EventCountry "USA"]
[SourceTitle "CBM 204 Extra"]
[Source "ChessBase"]
[SourceDate "2021.11.30"]
[SourceVersion "1"]
[SourceVersionDate "2021.11.30"]
[SourceQuality "1"]

1. d4 e6 2. e4 d5 3. e5 c5 4. c3 Nc6 5. Nf3 Nh6 6. a3 f6 7. Bd3 Nf7 8. exf6 Qxf6 9. 0-0 Bd6 10. dxc5 Bxc5 11. c4 Nfe5 12. Nxe5 Nxe5 13. cxd5 0-0 14. Nc3 exd5 15. Be3 Bd6 16. Nxd5 Qh4 17. g3 Qh3 18. Be2 Ng4 19. Bxg4 Bxg4 20. Qb3 Kh8 21. Bf4 Bxf4 22. Nxf4 Rxf4 23. Qxb7 Raf8 24. gxf4 Bf3 0-1

[Event "Titled Tuesday intern op 28th Sept"]
[Site "Chess.com INT"]
[Date "2021.09.28"]
[Round "4"]
[White "Van Kooten, Luuk"]
[Black "Koellner, Ruben Gideon"]
[Result "1-0"]
[WhiteElo "2277"]
[BlackElo "2441"]
[PlyCount "89"]
[EventDate "2021.09.28"]
[EventType "swiss (blitz)"]
[EventRounds "11"]
[EventCountry "USA"]
[SourceTitle "CBM 204 Extra"]
[Source "ChessBase"]
[SourceDate "2021.11.30"]
[SourceVersion "1"]
[SourceVersionDate "2021.11.30"]
[SourceQuality "1"]

1. d4 Nf6 2. c4 g6 3. Nc3 Bg7 4. e4 0-0 5. Bd3 c5 6. d5 d6 7. Nge2 Na6 8. 0-0 Nc7 9. h3 a6 10. a4 b6 11. Ng3 e6 12. f4 exd5 13. exd5 Bd7 14. Qf3 Rb8 15. f5 b5 16. axb5 axb5 17. fxg6 fxg6 18. Bg5 bxc4 19. Bxc4 Qc8 20. Qe2 h6 21. Bf4 Rb6 22. b3 g5 23. Bd2 Qe8 24. Qd3 Nb5 25. Rae1 Qb8 26. Nce4 Nxe4 27. Rxf8+ Qxf8 28. Nxe4 Be5 29. Rf1 Qg7 30. Ng3 Nd4 31. Nh5 Qh7 32. Qxh7+ Kxh7 33. Nf6+ Bxf6 34. Rxf6 Bf5 35. Rxf5 Nxf5 36. Bd3 Kg6 37. g4 Rxb3 38. Bxf5+ Kf6 39. h4 gxh4 40. Bxh6 Ke5 41. Kh2 Kxd5 42. Bf4 Kc6 43. g5 d5 44. g6 Rb8 45. Bxb8 1-0

[Event "Titled Tuesday intern op 10th Aug"]
[Site "Chess.com INT"]
[Date "2021.08.10"]
[Round "9"]
[White "Damjanovic, Vladimir"]
[Black "Van Kooten, Luuk"]
[Result "1-0"]
[WhiteElo "2393"]
[BlackElo "2277"]
[PlyCount "61"]
[EventDate "2021.08.10"]
[EventType "swiss (blitz)"]
[EventRounds "11"]
[EventCountry "USA"]
[SourceTitle "CBM 203 Extra"]
[Source "ChessBase"]
[SourceDate "2021.09.30"]
[SourceVersion "1"]
[SourceVersionDate "2021.09.30"]
[SourceQuality "1"]

1. e4 c5 2. Nf3 d6 3. d4 cxd4 4. Nxd4 Nf6 5. Nc3 a6 6. a3 e6 7. g4 Be7 8. g5 Nfd7 9. Rg1 Nc6 10. Be3 Qc7 11. Qd2 b5 12. 0-0-0 Bb7 13. f4 Rc8 14. Kb1 Nxd4 15. Bxd4 e5 16. fxe5 Nxe5 17. Bxe5 dxe5 18. Nd5 Bxd5 19. exd5 Bd6 20. Bd3 g6 21. h4 0-0 22. h5 Rfe8 23. Be4 Qc4 24. Rg4 Rc7 25. Rh1 b4 26. Rgh4 bxa3 27. hxg6 fxg6 28. Bxg6 Qb5 29. b3 hxg6 30. Rh8+ Kf7 31. R1h7# 1-0

[Event "Titled Tuesday intern op 10th Aug"]
[Site "Chess.com INT"]
[Date "2021.08.10"]
[Round "10"]
[White "Mikhalsky, Vladimir"]
[Black "Van Kooten, Luuk"]
[Result "1/2-1/2"]
[WhiteElo "2269"]
[BlackElo "2277"]
[PlyCount "85"]
[EventDate "2021.08.10"]
[EventType "swiss (blitz)"]
[EventRounds "11"]
[EventCountry "USA"]
[SourceTitle "CBM 203 Extra"]
[Source "ChessBase"]
[SourceDate "2021.09.30"]
[SourceVersion "1"]
[SourceVersionDate "2021.09.30"]
[SourceQuality "1"]

1. e4 c5 2. Nf3 d6 3. c3 Nf6 4. Bd3 e6 5. 0-0 Be7 6. Bc2 0-0 7. d4 Nc6 8. a3 b6 9. d5 exd5 10. exd5 Ne5 11. Nxe5 dxe5 12. c4 Re8 13. Nc3 a6 14. Ba4 Bd7 15. Bxd7 Qxd7 16. a4 g6 17. Re1 Bf8 18. Bg5 Nh5 19. Ne4 Bg7 20. Qf3 f5 21. Nc3 e4 22. Qh3 Bd4 23. Nxe4 Bxb2 24. Rab1 Bd4 25. a5 b5 26. Ng3 Nxg3 27. Qxg3 bxc4 28. Qf3 c3 29. h4 c2 30. Rbc1 Rxe1+ 31. Rxe1 Re8 32. Rc1 Re4 33. Qd3 Qxd5 34. Qxa6 Rg4 35. Qc8+ Kg7 36. Qc7+ Kg8 37. Qb8+ Kg7 38. Qh2 Qe4 39. Qc7+ Kg8 40. Qc8+ Kg7 41. Qc7+ Kg8 42. Qc8+ Kg7 43. Qc7+ 1/2-1/2

[Event "Titled Tuesday intern op 10th Aug"]
[Site "Chess.com INT"]
[Date "2021.08.10"]
[Round "4"]
[White "Van Kooten, Luuk"]
[Black "Djabri, Massinas"]
[Result "1-0"]
[WhiteElo "2277"]
[BlackElo "2161"]
[PlyCount "75"]
[EventDate "2021.08.10"]
[EventType "swiss (blitz)"]
[EventRounds "11"]
[EventCountry "USA"]
[SourceTitle "CBM 203 Extra"]
[Source "ChessBase"]
[SourceDate "2021.09.30"]
[SourceVersion "1"]
[SourceVersionDate "2021.09.30"]
[SourceQuality "1"]

1. d4 Nf6 2. c4 g6 3. Nc3 Bg7 4. e4 0-0 5. Bd3 d6 6. Nge2 Nc6 7. 0-0 e5 8. d5 Ne7 9. Bc2 Nd7 10. Be3 f5 11. exf5 gxf5 12. f4 e4 13. Qd2 Qe8 14. Bd4 Nf6 15. h3 Qg6 16. Nd1 Nd7 17. Ne3 h5 18. Bxg7 Qxg7 19. Qd4 Rf7 20. Qxg7+ Rxg7 21. Nd4 Nf8 22. Kf2 Bd7 23. h4 Nfg6 24. g3 Kf7 25. Bd1 Rh8 26. Rc1 b6 27. Be2 Nf8 28. b4 Rh6 29. c5 dxc5 30. bxc5 bxc5 31. Rxc5 Rd6 32. Rxc7 Kf6 33. Bc4 Rb6 34. Bb3 Nc8 35. Rfc1 Nd6 36. Rxa7 Be8 37. Rxg7 Kxg7 38. Nexf5+ 1-0

[Event "Titled Tuesday intern op 18th May"]
[Site "Chess.com INT"]
[Date "2021.05.18"]
[Round "11"]
[White "Karttunen, Mika"]
[Black "Van Kooten, Luuk"]
[Result "1-0"]
[WhiteElo "2480"]
[BlackElo "2277"]
[PlyCount "93"]
[EventDate "2021.05.18"]
[EventType "swiss (blitz)"]
[EventRounds "11"]
[EventCountry "USA"]
[SourceTitle "CBM 202 Extra"]
[Source "ChessBase"]
[SourceDate "2021.07.31"]
[SourceVersion "1"]
[SourceVersionDate "2021.07.31"]
[SourceQuality "1"]

1. e4 c5 2. Nf3 Nc6 3. d4 cxd4 4. Nxd4 Nf6 5. Nc3 e5 6. Ndb5 d6 7. Bg5 a6 8. Na3 b5 9. Nd5 Be7 10. Bxf6 Bxf6 11. c4 b4 12. Nc2 0-0 13. g3 Bg5 14. Bg2 Qa5 15. 0-0 Qc5 16. Qd3 a5 17. Kh1 Ba6 18. b3 Rac8 19. f4 exf4 20. gxf4 Bh6 21. Nce3 Rfe8 22. Nf5 Re6 23. Rad1 Bb7 24. Rg1 Rce8 25. Bf3 Nd8 26. Rg2 Bxd5 27. cxd5 Rg6 28. Rc2 Qa7 29. Qb5 Rf8 30. Ne7+ Qxe7 31. f5 Rg5 32. Qxa5 g6 33. Qxb4 gxf5 34. a4 fxe4 35. Bxe4 Re5 36. Rg2+ Kh8 37. Bd3 f5 38. a5 Bg7 39. a6 f4 40. Rdg1 f3 41. Rxg7 Qxg7 42. Rxg7 Kxg7 43. Qg4+ Kh8 44. Bf1 Re1 45. Qd4+ Re5 46. a7 f2 47. a8Q 1-0

[Event "Titled Tuesday intern op 18th May"]
[Site "Chess.com INT"]
[Date "2021.05.18"]
[Round "7"]
[White "Van Kooten, Luuk"]
[Black "Di Berardino, Diego Rafael"]
[Result "1-0"]
[WhiteElo "2277"]
[BlackElo "2471"]
[PlyCount "77"]
[EventDate "2021.05.18"]
[EventType "swiss (blitz)"]
[EventRounds "11"]
[EventCountry "USA"]
[SourceTitle "CBM 202 Extra"]
[Source "ChessBase"]
[SourceDate "2021.07.31"]
[SourceVersion "1"]
[SourceVersionDate "2021.07.31"]
[SourceQuality "1"]

1. d4 Nf6 2. c4 g6 3. Nc3 Bg7 4. e4 d6 5. Bd3 0-0 6. Nge2 c5 7. d5 e6 8. Bg5 exd5 9. exd5 h6 10. Bh4 Nbd7 11. f4 Qb6 12. Qd2 Re8 13. 0-0 Ng4 14. Rf3 Nf8 15. h3 Nf6 16. Raf1 Bf5 17. Bxf5 gxf5 18. Bxf6 Bxf6 19. Ng3 Ng6 20. Nxf5 h5 21. Rg3 h4 22. Rg4 Rad8 23. Qc2 Kf8 24. Nh6 Qc7 25. Nxf7 Qxf7 26. Rxg6 Re3 27. Rg4 Rde8 28. Nb5 Re2 29. Qf5 a6 30. Nxd6 Bd4+ 31. Kh1 Qxf5 32. Nxf5 Rxb2 33. Rxh4 Rxa2 34. Rg4 Bf2 35. Nd6 Re7 36. f5 Bd4 37. f6 Ree2 38. f7 Bg7 39. Rxg7 1-0

[Event "Titled Tuesday intern op 11th May"]
[Site "Chess.com INT"]
[Date "2021.05.11"]
[Round "3"]
[White "Golubev, Mikhail"]
[Black "Van Kooten, Luuk"]
[Result "1-0"]
[WhiteElo "2461"]
[BlackElo "2277"]
[PlyCount "107"]
[EventDate "2021.05.11"]
[EventType "swiss (blitz)"]
[EventRounds "11"]
[EventCountry "USA"]
[SourceTitle "CBM 202 Extra"]
[Source "ChessBase"]
[SourceDate "2021.07.31"]
[SourceVersion "1"]
[SourceVersionDate "2021.07.31"]
[SourceQuality "1"]

1. e4 c5 2. Nf3 Nc6 3. Bb5 g6 4. 0-0 Bg7 5. c3 Nf6 6. d4 cxd4 7. cxd4 d5 8. e5 Ne4 9. Nc3 0-0 10. Re1 Bf5 11. Bd3 Nxc3 12. bxc3 Bxd3 13. Qxd3 Rc8 14. Rb1 Na5 15. e6 f5 16. Bf4 b6 17. h4 Nc4 18. h5 Qe8 19. Ng5 gxh5 20. Qg3 Qg6 21. Nf7 Rc6 22. f3 Rxe6 23. Rxe6 Qxe6 24. Nh6+ Kh8 25. Re1 Qg6 26. Qxg6 hxg6 27. Rxe7 Bf6 28. Nf7+ Kg8 29. Nh6+ Kh8 30. Rxa7 g5 31. Nf7+ Kg8 32. Nxg5 Bxg5 33. Bxg5 Re8 34. Rd7 Re2 35. Rxd5 Rxa2 36. Rxf5 Nb2 37. Rb5 Nd3 38. Rxb6 Ne1 39. Kf1 Nxg2 40. d5 h4 41. d6 h3 42. d7 Ra1+ 43. Kf2 Ra2+ 44. Kg3 Ra8 45. d8Q+ Rxd8 46. Bxd8 Kf7 47. Kh2 Nf4 48. Kg3 Ne2+ 49. Kh2 Nxc3 50. Kxh3 Ke8 51. Rb3 Kxd8 52. Rxc3 Ke7 53. Rd3 Ke6 54. Re3+ 1-0

[Event "Titled Tuesday intern op 11th May"]
[Site "Chess.com INT"]
[Date "2021.05.11"]
[Round "11"]
[White "Nasyrova, Ekaterina"]
[Black "Van Kooten, Luuk"]
[Result "1-0"]
[WhiteElo "2224"]
[BlackElo "2277"]
[PlyCount "75"]
[EventDate "2021.05.11"]
[EventType "swiss (blitz)"]
[EventRounds "11"]
[EventCountry "USA"]
[SourceTitle "CBM 202 Extra"]
[Source "ChessBase"]
[SourceDate "2021.07.31"]
[SourceVersion "1"]
[SourceVersionDate "2021.07.31"]
[SourceQuality "1"]

1. c4 e5 2. Nc3 Bb4 3. Nd5 Bc5 4. Nf3 c6 5. Nc3 Qe7 6. d3 Nf6 7. e3 0-0 8. Be2 d5 9. cxd5 cxd5 10. d4 exd4 11. Nxd4 Nc6 12. Nb3 Rd8 13. 0-0 Bb6 14. Na4 Bc7 15. Bd2 Ne4 16. Rc1 Bf5 17. Nac5 Nxd2 18. Qxd2 Bd6 19. Bf3 b6 20. Nd3 Rac8 21. Rfd1 Bb8 22. g3 Be4 23. Bg2 h5 24. h4 g5 25. hxg5 Qxg5 26. Nf4 h4 27. Rxc6 Rxc6 28. Bxe4 Rh6 29. Bf3 hxg3 30. fxg3 Bxf4 31. exf4 Qxg3+ 32. Qg2 Qxg2+ 33. Kxg2 Rg6+ 34. Kf2 Kg7 35. Nd4 Rh6 36. Nf5+ Kg6 37. Nxh6 Kxh6 38. Rxd5 1-0

[Event "Titled Tuesday intern op 11th May"]
[Site "Chess.com INT"]
[Date "2021.05.11"]
[Round "2"]
[White "Shevtchenko, Olesya"]
[Black "Van Kooten, Luuk"]
[Result "1-0"]
[WhiteElo "2054"]
[BlackElo "2277"]
[PlyCount "55"]
[EventDate "2021.05.11"]
[EventType "swiss (blitz)"]
[EventRounds "11"]
[EventCountry "USA"]
[SourceTitle "CBM 202 Extra"]
[Source "ChessBase"]
[SourceDate "2021.07.31"]
[SourceVersion "1"]
[SourceVersionDate "2021.07.31"]
[SourceQuality "1"]

1. e4 c5 2. Nf3 Nc6 3. d4 cxd4 4. Nxd4 Nf6 5. Nc3 e5 6. Nxc6 bxc6 7. Bd3 Be7 8. 0-0 0-0 9. b3 d5 10. Bb2 Be6 11. h3 d4 12. Ne2 c5 13. f4 Rb8 14. f5 Bd7 15. g4 h6 16. Bc1 Bc6 17. Ng3 Nh7 18. Kg2 Bh4 19. Qe2 Nf6 20. Bd2 Qb6 21. Nh5 Nxh5 22. gxh5 Bf6 23. Kh2 Kh8 24. Rg1 Qb7 25. Rg4 Qe7 26. Rag1 a5 27. Qg2 Rg8 28. Bxh6 1-0

[Event "Titled Tuesday intern op 11th May"]
[Site "Chess.com INT"]
[Date "2021.05.11"]
[Round "4"]
[White "Van Kooten, Luuk"]
[Black "Castillo Pena, Patricia Evarista"]
[Result "1-0"]
[WhiteElo "2277"]
[BlackElo "1770"]
[PlyCount "91"]
[EventDate "2021.05.11"]
[EventType "swiss (blitz)"]
[EventRounds "11"]
[EventCountry "USA"]
[SourceTitle "CBM 202 Extra"]
[Source "ChessBase"]
[SourceDate "2021.07.31"]
[SourceVersion "1"]
[SourceVersionDate "2021.07.31"]
[SourceQuality "1"]

1. d4 d5 2. c4 c6 3. Nc3 Nf6 4. Nf3 e6 5. g3 Nbd7 6. Bg2 Bd6 7. 0-0 0-0 8. Qc2 b6 9. e4 dxe4 10. Ng5 Bb7 11. Ngxe4 Nxe4 12. Nxe4 Be7 13. c5 bxc5 14. dxc5 Qa5 15. Be3 Nf6 16. b4 Qc7 17. Nd6 Bxd6 18. cxd6 Qxd6 19. Bc5 Qc7 20. Bxf8 Rxf8 21. Rac1 Rc8 22. b5 c5 23. Bxb7 Qxb7 24. a4 h5 25. h3 Nd5 26. Qe4 Qe7 27. Rfe1 Qf6 28. Kg2 c4 29. Rxc4 Rxc4 30. Qxc4 Nb6 31. Qe4 Qc3 32. Re3 Qa1 33. Rd3 Nd5 34. Qd4 Qb1 35. Rd1 Qc2 36. Rd2 Qc1 37. Qb2 Qe1 38. a5 Qe4+ 39. Kh2 h4 40. b6 axb6 41. axb6 hxg3+ 42. fxg3 Ne3 43. Rf2 Nf5 44. b7 Qe3 45. b8Q+ Kh7 46. Qf4 1-0

[Event "Titled Tuesday intern op 13th Apr"]
[Site "Chess.com INT"]
[Date "2021.04.13"]
[Round "1"]
[White "Gonzalez Zamora, Juan Carlos"]
[Black "Van Kooten, Luuk"]
[Result "1-0"]
[WhiteElo "2540"]
[BlackElo "2277"]
[PlyCount "101"]
[EventDate "2021.04.13"]
[EventType "swiss (blitz)"]
[EventRounds "11"]
[EventCountry "USA"]
[SourceTitle "CBM 201 Extra"]
[Source "ChessBase"]
[SourceDate "2021.05.31"]
[SourceVersion "1"]
[SourceVersionDate "2021.05.31"]
[SourceQuality "1"]

1. Nf3 g6 2. c4 Bg7 3. Nc3 c5 4. e3 e5 5. d4 cxd4 6. exd4 Nc6 7. d5 Nd4 8. Nxd4 exd4 9. Nb5 d6 10. Nxd4 Ne7 11. Be2 0-0 12. 0-0 Qb6 13. Nb3 Nf5 14. Bd3 Re8 15. Rb1 a5 16. Bd2 a4 17. Nc1 Bd7 18. Ne2 Rac8 19. Bc3 a3 20. Bxg7 Kxg7 21. b3 h5 22. Rc1 Qb4 23. Bxf5 Bxf5 24. Nd4 Bd7 25. Nc2 Qc5 26. Qd4+ Qxd4 27. Nxd4 Kf6 28. f3 h4 29. Kf2 g5 30. Nc2 b5 31. Ne3 bxc4 32. Nxc4 Bb5 33. Rfd1 Bxc4 34. bxc4 Rb8 35. Rc2 Rb2 36. Rxb2 axb2 37. Rb1 Rb8 38. Ke3 Ke5 39. Kd3 f5 40. g3 hxg3 41. hxg3 f4 42. g4 Ra8 43. Rxb2 Ra3+ 44. Ke2 Kd4 45. Rc2 Re3+ 46. Kf2 Kd3 47. Rc1 Re2+ 48. Kf1 Rxa2 49. c5 dxc5 50. d6 Ra7 51. Rxc5 1-0

[Event "Titled Tuesday intern op 13th Apr"]
[Site "Chess.com INT"]
[Date "2021.04.13"]
[Round "7"]
[White "Van Kooten, Luuk"]
[Black "Haessel, Dale R"]
[Result "1-0"]
[WhiteElo "2277"]
[BlackElo "2133"]
[PlyCount "53"]
[EventDate "2021.04.13"]
[EventType "swiss (blitz)"]
[EventRounds "11"]
[EventCountry "USA"]
[SourceTitle "CBM 201 Extra"]
[Source "ChessBase"]
[SourceDate "2021.05.31"]
[SourceVersion "1"]
[SourceVersionDate "2021.05.31"]
[SourceQuality "1"]

1. d4 Nf6 2. c4 g6 3. Nc3 d5 4. Nf3 Bg7 5. Qb3 dxc4 6. Qxc4 0-0 7. e4 Bg4 8. Be3 Nc6 9. 0-0-0 Nd7 10. Kb1 e5 11. d5 Nd4 12. Be2 Nxe2 13. Qxe2 Qf6 14. h3 Bxf3 15. gxf3 Rfc8 16. h4 h5 17. Rhg1 Kh7 18. Rc1 c6 19. Bg5 Qd6 20. Rgd1 Nb6 21. dxc6 Qxc6 22. Nd5 Qa4 23. b3 Qa3 24. Nc7 Rab8 25. Nb5 Qa5 26. Nd6 Rxc1+ 27. Rxc1 1-0

[Event "Titled Tuesday intern op 13th Apr"]
[Site "Chess.com INT"]
[Date "2021.04.13"]
[Round "10"]
[White "Van Kooten, Luuk"]
[Black "Nasyrova, Ekaterina"]
[Result "0-1"]
[WhiteElo "2277"]
[BlackElo "2273"]
[PlyCount "42"]
[EventDate "2021.04.13"]
[EventType "swiss (blitz)"]
[EventRounds "11"]
[EventCountry "USA"]
[SourceTitle "CBM 201 Extra"]
[Source "ChessBase"]
[SourceDate "2021.05.31"]
[SourceVersion "1"]
[SourceVersionDate "2021.05.31"]
[SourceQuality "1"]

1. d4 d5 2. c4 e6 3. Nc3 Nf6 4. cxd5 exd5 5. Bg5 Be7 6. e3 c6 7. Bd3 0-0 8. Qc2 h6 9. Bh4 Re8 10. Nge2 Nbd7 11. f3 Nh5 12. Bf2 Bg5 13. e4 dxe4 14. fxe4 Ndf6 15. h3 c5 16. e5 cxd4 17. exf6 dxc3 18. Bh7+ Kh8 19. fxg7+ Kxg7 20. Bd3 Nf4 21. Be4 Qd2+ 0-1

[Event "Titled Tuesday intern op 06th Apr"]
[Site "Chess.com INT"]
[Date "2021.04.06"]
[Round "9"]
[White "Van Kooten, Luuk"]
[Black "Suvorov, Luca"]
[Result "0-1"]
[WhiteElo "2277"]
[BlackElo "2279"]
[PlyCount "112"]
[EventDate "2021.04.06"]
[EventType "swiss (blitz)"]
[EventRounds "11"]
[EventCountry "USA"]
[SourceTitle "CBM 201 Extra"]
[Source "ChessBase"]
[SourceDate "2021.05.31"]
[SourceVersion "1"]
[SourceVersionDate "2021.05.31"]
[SourceQuality "1"]

1. d4 Nf6 2. c4 e6 3. Nc3 Bb4 4. f3 0-0 5. e4 c5 6. d5 d6 7. Nge2 b5 8. Ng3 bxc4 9. Bxc4 exd5 10. Bxd5 Nxd5 11. Qxd5 Qb6 12. 0-0 Bb7 13. Qg5 Qd8 14. Qg4 Bc8 15. Nf5 Qf6 16. Bg5 Bxf5 17. exf5 Qd4+ 18. Qxd4 cxd4 19. Nd5 Bc5 20. Nc7 Nc6 21. Nxa8 Rxa8 22. Rfd1 a5 23. a3 a4 24. Rac1 Rb8 25. Kf1 h6 26. Bf4 Rb6 27. Rc2 Kf8 28. g4 Ke7 29. Rdd2 Kd7 30. Rc4 Rb3 31. Ke2 Ne7 32. Rxa4 Nd5 33. Bg3 Ne3 34. Ra7+ Bxa7 35. Bf2 Bc5 36. Bxe3 dxe3 37. Rc2 Rb5 38. b4 Bb6 39. Rc4 d5 40. Rc3 Kd6 41. Kd3 d4 42. Rc2 Re5 43. Re2 Re8 44. a4 Kd5 45. a5 Ba7 46. Rc2 Rb8 47. Rb2 Rb5 48. f4 g6 49. fxg6 fxg6 50. h4 h5 51. gxh5 gxh5 52. Rg2 Rxb4 53. Rg5+ Ke6 54. Rxh5 Rb3+ 55. Ke4 e2 56. Rh6+ Kf7 0-1

[Event "Titled Tuesday intern op 30th Mar"]
[Site "Chess.com INT"]
[Date "2021.03.30"]
[Round "1"]
[White "Dodeja, Pawan"]
[Black "Van Kooten, Luuk"]
[Result "1-0"]
[WhiteElo "2192"]
[BlackElo "2277"]
[PlyCount "77"]
[EventDate "2021.03.30"]
[EventType "swiss (blitz)"]
[EventRounds "11"]
[EventCountry "USA"]
[SourceTitle "CBM 201 Extra"]
[Source "ChessBase"]
[SourceDate "2021.05.31"]
[SourceVersion "1"]
[SourceVersionDate "2021.05.31"]
[SourceQuality "1"]

1. c4 e5 2. g3 Nf6 3. Bg2 c6 4. d4 e4 5. Nc3 d5 6. Bg5 Nbd7 7. cxd5 cxd5 8. Qb3 Bd6 9. Nh3 h6 10. Bf4 Bxf4 11. Nxf4 Nb6 12. a4 0-0 13. a5 Nc4 14. Nfxd5 Nxa5 15. Nxf6+ gxf6 16. Qd5 Qxd5 17. Nxd5 Nb3 18. Nxf6+ Kg7 19. Nh5+ Kh8 20. Rd1 f5 21. e3 Bd7 22. 0-0 Rac8 23. Nf4 Kg7 24. f3 Rc2 25. Rf2 Rfc8 26. Rxc2 Rxc2 27. fxe4 fxe4 28. Bxe4 Rxb2 29. Bxb7 Nd2 30. Bg2 Bg4 31. Ra1 Nc4 32. Rxa7+ Kf8 33. h3 Rb1+ 34. Kh2 Bf5 35. g4 Bc2 36. Nd5 Re1 37. Rc7 Nxe3 38. Nxe3 Rxe3 39. Rxc2 1-0

[Event "Titled Tuesday intern op 30th Mar"]
[Site "Chess.com INT"]
[Date "2021.03.30"]
[Round "3"]
[White "Van Kooten, Luuk"]
[Black "Sokolin, Leonid M"]
[Result "0-1"]
[WhiteElo "2277"]
[BlackElo "2497"]
[PlyCount "48"]
[EventDate "2021.03.30"]
[EventType "swiss (blitz)"]
[EventRounds "11"]
[EventCountry "USA"]
[SourceTitle "CBM 201 Extra"]
[Source "ChessBase"]
[SourceDate "2021.05.31"]
[SourceVersion "1"]
[SourceVersionDate "2021.05.31"]
[SourceQuality "1"]

1. d4 e6 2. e4 d5 3. e5 c5 4. c3 Nc6 5. Nf3 Qb6 6. a3 c4 7. h4 Bd7 8. g3 f6 9. exf6 Nxf6 10. Bh3 Bd6 11. 0-0 0-0 12. Ng5 Rae8 13. Re1 Nd8 14. Nd2 h6 15. Ngf3 Nc6 16. Qc2 e5 17. Bxd7 Nxd7 18. Qg6 Nf6 19. dxe5 Bxe5 20. Nxe5 Nxe5 21. Re3 Nd3 22. Rxd3 cxd3 23. Qxd3 Ng4 24. Qxd5+ Kh8 0-1

[Event "Hoogeveen op 22nd"]
[Site "Hoogeveen"]
[Date "2018.10.27"]
[Round "9"]
[White "Van Kooten, Luuk"]
[Black "Biermann, Lenhard"]
[Result "0-1"]
[WhiteElo "2320"]
[BlackElo "2153"]
[PlyCount "58"]
[EventDate "2018.10.20"]
[EventType "swiss"]
[EventRounds "9"]
[EventCountry "NED"]
[SourceTitle "CBM 187 Extra"]
[Source "ChessBase"]
[SourceDate "2018.11.04"]
[SourceVersion "1"]
[SourceVersionDate "2018.11.04"]
[SourceQuality "1"]

1. e4 e6 2. d4 d5 3. e5 c5 4. c3 Nc6 5. Nf3 Nh6 6. a3 f6 7. exf6 Qxf6 8. Bg5 Qf7 9. b4 cxd4 10. cxd4 Bd6 11. b5 Ne7 12. Bd3 0-0 13. Nbd2 Ng6 14. 0-0 Nf5 15. Qe2 h6 16. Be3 Bd7 17. Nb3 Rae8 18. Rac1 b6 19. Bd2 e5 20. dxe5 Bxe5 21. Nxe5 Nxe5 22. Bb4 Nh4 23. Nd4 Nef3+ 24. Nxf3 Rxe2 25. Bxe2 Re8 26. Rfe1 Rxe2 27. Rxe2 Nxf3+ 28. gxf3 Bh3 29. Rc6 Qxf3 0-1